00428nam a22001217a 4500040000900000082001700009100002800026245010400054300002000158942001200178999001900190952009700209 cnust a388.068bDAG aCarlos F. Daganzo99145 aPublic transportation systemsbPrinciples of system Design, oprations planing and real-time control a493 pagesc25cm 2ddccBK c609101d609101 00102ddc4070aNITbNITd2024-05-14l0o388.068 DAGpNIT-13737r2024-05-14w2024-05-14yBK